अग्नि के परिवृत्त / (Record no. 115511)

MARC details
000 -LEADER
fixed length control field 00985nam a22002537a 4500
005 - DATE AND TIME OF LATEST TRANSACTION
control field 20170124103025.0
010 ## - LIBRARY OF CONGRESS CONTROL NUMBER
LC control number A-576985
020 ## - INTERNATIONAL STANDARD BOOK NUMBER
Terms of availability 50.00
035 ## - SYSTEM CONTROL NUMBER
System control number A-576985
037 ## - SOURCE OF ACQUISITION
Source of stock number/acquisition Cen Lib/Ret
040 ## - CATALOGING SOURCE
Original cataloging agency DPL
Language of cataloging HN
082 ## - DEWEY DECIMAL CLASSIFICATION NUMBER
Classification number
Item number शुक्लासा
100 ## - MAIN ENTRY--PERSONAL NAME
Personal name शुक्ला, साधना
9 (RLIN) 61752
245 ## - TITLE STATEMENT
Title अग्नि के परिवृत्त /
Statement of responsibility, etc साधना शुक्ला
246 ## - VARYING FORM OF TITLE
Title proper/short title Agni ke parivritt /
Remainder of title by Sadhna Shukla
260 ## - PUBLICATION, DISTRIBUTION, ETC. (IMPRINT)
Place of publication, distribution, etc कानपुर
Name of publisher, distributor, etc आराधना ब्रदर्स
Date of publication, distribution, etc 1992
270 ## - ADDRESS
Address 124/152 सी. गोविन्दनगर
City कानपुर
Postal code 208006
300 ## - PHYSICAL DESCRIPTION
Extent 72पृ.
Dimensions 21सेमी (सजिल्द)
650 ## - SUBJECT ADDED ENTRY--TOPICAL TERM
Topical term or geographic name as entry element हिन्दी -- साहित्य
9 (RLIN) 61753
650 ## - SUBJECT ADDED ENTRY--TOPICAL TERM
Topical term or geographic name as entry element हिन्दी -- कहानी
9 (RLIN) 779
650 ## - SUBJECT ADDED ENTRY--TOPICAL TERM
Topical term or geographic name as entry element Hindi -- Literature
9 (RLIN) 61754
650 ## - SUBJECT ADDED ENTRY--TOPICAL TERM
Topical term or geographic name as entry element Hindi -- Story
9 (RLIN) 43117
942 ## - ADDED ENTRY ELEMENTS (KOHA)
Source of classification or shelving scheme Dewey Decimal Classification
Koha item type Hindi Books
Classification part
Call number suffix शुक्लासा
Holdings
Withdrawn status Lost status Damaged status Not for loan Home library Current library Date acquired Source of acquisition Cost, normal purchase price Total Checkouts Full call number Barcode Date last seen Copy number Cost, replacement price Price effective from Koha item type
        Central Library Central Library 20/08/2015 Cen Lib/Ret 50.00   क शुक्लासा A-576985 20/08/2015 1 50.00 20/08/2015 Hindi Books

© Delhi Public Library
Hit Counter
free hit counter